Polity : UPSC - Statistics

General Stats
  • This quiz has been taken 9 times
    7 since last reset
  • The average score is 3 of 15
Answer Stats
Questions Answer % Correct
This person was the first one to sign on Indian Constitution on Jan 24, 1950. Jawaharlal Nehru
67%
What can be the minimum no. of seats a legislative council of state could have. 40
50%
Name the article of Indian Constitution that states : " Rights of citizenship of certain Migrants to Pakistan who later returned to India." 6
33%
The Union Executive consists of President, Vice - President, Prime Minister, Council of Ministers and Attorney General
33%
In 1938, he declared that ‘the Constitution of free India must be framed, without outside interference, by a Constituent Assembly elected on the basis of adult franchise’. Jawaharlal Nehru
33%
This term was first coined in 1947 by Arthur Schlesinger Jr, an American historian and educator., This concept originated and developed in the USA or better to say, the doctrine was introduced in the mid- 1970s. judicial activism
33%
Described " the preamble of indian constitution as the Political horoscope of the Indian Constitution." Kanhaiyalal Maneklal Munshi
17%
Who argued that “The Indian Constitution established indeed a system of Government which is at most quasi-federal, a unitary state with subsidiary features rather than a Federal States with unitary features"? KC Wheare
17%
Central Vigilance Commission (CVC), originally neither a constitutional body and nor a statutory body, was established in 1964 by the executive resolution of the central government on the recommendation of _ committee Santhanam
17%
This parliamentary committee draws all of its members (30) from Loksabha only making it the largest committee The Estimates
17%
"It is introduced in the Parliament by a member to call the attention of a minister to a matter of urgent public importance, and to seek an authoritative statement on that matter. It is an Indian innovation." It is most likely a description of: Calling attention motion
0%
This term was first conceptualized by George Grote, a British historian, in A History of Greece (1846) describing it as a "paramount reverence for the forms of the Constitution", emphasizing adherence to constitutional norms even during political disagreements. Constitutional Morality
0%
" The duty of an opposition is to propose nothing, oppose everything and to turn out the Government". Who said this. George Tierney
0%
Established in 1949 after a resolution adopted by the Constituent Assembly on 16 August 1948 , It is an autonomous body whose membership is open to all current or former members of the Indian Parliament. Indian Parliamentary Group,
0%
Was the Chief draftsman of the Indian Constitution who was also the Joint Secretary of Constituent Assembly Secretariat Surendra Nath Mukherjee
0%
No matching quizzes found
Score Distribution
Percent of People with Each Score
Percentile by Number Answered
Your Score History
You have not taken this quiz since the last reset